Ruy González de Clavijo (Record no. 175301)

MARC details
000 -LEADER
campo de control de longitud fija 00924nam a2200229 i 4500
001 - NÚMERO DE CONTROL
campo de control 175301
003 - IDENTIFICADOR DE NÚMERO DE CONTROL
campo de control ES-MaACL
005 - FECHA Y HORA DE LA ÚLTIMA TRANSACCIÓN
campo de control 20250815054304.0
007 - CAMPO FIJO DE DESCRIPCIÓN FÍSICA--INFORMACIÓN GENERAL
campo de control de longitud fija t|
008 - DATOS DE LONGITUD FIJA--INFORMACIÓN GENERAL
campo de control de longitud fija 101020s1974 sp f ||||1| spa d
080 ## - NÚMERO DE LA CLASIFICACIÓN DECIMAL UNIVERSAL
Número de la Clasificación Decimal Universal 929 González de Clavijo, Ruy
100 1# - ENTRADA PRINCIPAL--NOMBRE DE PERSONA
Nombre de persona Ezquerra Abadía, Ramón,
Fechas asociadas al nombre 1904-1994
9 (RLIN) 48475
245 10 - MENCIÓN DEL TÍTULO
Título Ruy González de Clavijo
Resto del título : viajero por el Asia Central /
Mención de responsabilidad, etc. por Ramón Ezquerra Abadía.
260 ## - PUBLICACIÓN, DISTRIBUCIÓN, ETC.
Lugar de publicación, distribución, etc. Madrid :
Nombre del editor, distribuidor, etc. Ayuntamiento de Madrid, Delegación de Educación :
-- Instituto de Estudios Madrileños,
Fecha de publicación, distribución, etc. 1974.
300 ## - DESCRIPCIÓN FÍSICA
Extensión 26 p. , [1] de lám. ;
Dimensiones 22 cm.
490 1# - MENCIÓN DE SERIE
Mención de serie Ciclo de conferencias sobre madrileños ilustres ;
Designación de volumen o secuencia 3
600 17 - PUNTO DE ACCESO ADICIONAL DE MATERIA--NOMBRE DE PERSONA
Nombre de persona González de Clavijo, Ruy,
Fechas asociadas al nombre -1412
Fuente del encabezamiento o término embne
9 (RLIN) 58539
710 2# - ENTRADA AGREGADA--NOMBRE DE ENTIDAD CORPORATIVA
Nombre de entidad corporativa o nombre de jurisdicción como elemento de entrada Instituto de Estudios Madrileños
9 (RLIN) 4916
830 0# - PUNTO DE ACCESO ADICIONAL DE SERIE-TÍTULO UNIFORME
Título uniforme Ciclo de conferencias sobre madrileños ilustres ;
Designación de volumen o secuencia 3
9 (RLIN) 189635
852 ## - LOCALIZACIÓN
Ubicación ES-MaACL
Número de control de estantería 2259-F-19
Encuadernación Olim P-55
Holdings
Estatus retirado Estado de pérdida Estado de daño No para préstamo Colección Biblioteca de origen Biblioteca actual Ubicación en estantería Fecha de adquisición Fuente de adquisición Total de préstamos Signatura topográfica completa Código de barras Visto por última vez Precio de reemplazo Tipo de ítem Koha
        Colección de folletos Biblioteca del Ateneo de Madrid Biblioteca del Ateneo de Madrid Depósito folletos 20/10/2010     2259-F-19 1184070 23/02/2023 23/02/2023 Folleto